000 00281nam a22001337a 4500
008 170504b xxu||||| |||| 00| 0 eng d
020 _a9780314153524
041 _aeng
080 _a342
100 _a15
101 _aSHJ
245 _aFAMILY LAW
_cKRAUSE, H.D
942 _2udc
_cBK
999 _c12713
_d12713